000 00533nam a2200169 a 4500
001 000036343
005 20250603114044.0
008 120113s1968 sp 000 0 spa d
040 _aDO-SdBNP
_bspa
_cBNPHU
100 1 _aMcullen, Roy
_962513
245 1 0 _aArte, prosperidad y alienación /
_cRoy McMullen ; versión castellana Roberto Bixio.
260 _aCaracas :
_bMonte Ávila Editores,
_c1968.
300 _a438 p. ;
_c24 cm.
650 2 0 _aBellas artes
_962514
650 2 0 _aArte
_928401
700 1 _aBixio, Roberto,
_etrad.
_962515
999 _c35834
_d35834